| 000 | 00666nam a2200217 i 4500 | ||
|---|---|---|---|
| 001 | 13274 | ||
| 003 | ES-MaACL | ||
| 005 | 20250618124648.0 | ||
| 007 | t| | ||
| 008 | 980121s1997 sp ||||1| spa d | ||
| 020 | _a84-921554-7-7 | ||
| 080 | _a860-14"19" | ||
| 100 | 1 |
_aGómez Valverde, Santiago. _958183 |
|
| 245 | 1 | 0 |
_aSombras paralelas / _cSantiago Gómez Valverde ; prologado por Luis Alberto de Cuenca. |
| 250 | _a1ª ed. | ||
| 260 |
_aMadrid : _bExlibris, _c1997. |
||
| 300 |
_a83 p. ; _c24 cm. |
||
| 700 | 1 |
_aCuenca, Luis Alberto de, _d1950- _9240908 |
|
| 852 |
_aES-MaACL _jL-20611 _bR.126328 _q. - Ded. autógr. del autor |
||
| 999 |
_c13274 _d13274 |
||